000 00721nam a2200217Ia 4500
003 GCL
008 140319s9999 xx 000 0 ara d
020 _a0737345977
040 _aGCL /
_cGCL
082 0 4 _a748.50285
_bا ر
100 1 _aاوين، تشيريل
245 1 0 _aالرسم على الزجاج :
_bSIMPLE GLASS PAINTING /
_cاوين، تشيريل
260 _aالقاهرة :
_bدار الفاروق للنشر والتوزيع ،
_c2005
300 _a129 ص ؛
_c32 سم
650 0 4 _aالزخرفة بالزجاج
650 0 4 _aالزجاج الملون
650 0 4 _aالرسم بالالوان
650 0 4 _aالرسم على الزجاج
650 0 4 _aحفر الزجاج
942 _2ddc
_cBK
999 _c8286
_d8286